| Tag |
First Indicator |
Second Indicator |
Subfields |
| LEADER |
00000cam a2200000 a 4500 |
| 001 |
in00001234821 |
| 005 |
20151003071506.0 |
| 008 |
931221s1995 enka b 001 0 eng |
| 010 |
|
|
|a 93049747
|
| 020 |
|
|
|a 0521454514
|
| 035 |
|
|
|a (OCoLC)29594860
|
| 035 |
|
|
|9 AGT4502AM
|
| 040 |
|
|
|a DLC
|c DLC
|d TXA
|d UtOrBLW
|
| 049 |
|
|
|a TXAM
|
| 050 |
0 |
0 |
|a QE515
|b .A53 1995
|
| 082 |
0 |
0 |
|a 553.9/01/5118
|2 20
|
| 100 |
1 |
|
|a Albarède, Francis.
|
| 245 |
1 |
0 |
|a Introduction to geochemical modelling /
|c Francis Albarède.
|
| 264 |
|
1 |
|a Cambridge, England ;
|a New York :
|b Press Syndicate of the University of Cambridge,
|c 1995.
|
| 300 |
|
|
|a xix, 543 pages :
|b illustrations ;
|c 26 cm.
|
| 336 |
|
|
|a text
|b txt
|2 rdacontent
|
| 337 |
|
|
|a unmediated
|b n
|2 rdamedia
|
| 338 |
|
|
|a volume
|b nc
|2 rdacarrier
|
| 504 |
|
|
|a Includes bibliographical references (pages 526-538) and index.
|
| 650 |
|
0 |
|a Geochemistry
|x Mathematical models.
|
| 999 |
|
|
|a MARS
|
| 999 |
f |
f |
|s e655ab80-db70-3e6e-a3ca-b1ed3f4eb893
|i 7b66725a-c83c-3737-85df-d882d5f3715e
|t 0
|
| 952 |
f |
f |
|p normal
|a Texas A&M University
|b College Station
|c Sterling C. Evans Library
|d Evans: Library Stacks
|t 0
|e QE515 .A53 1995
|h Library of Congress classification
|i unmediated -- volume
|m A14819165717
|
| 998 |
f |
f |
|a QE515 .A53 1995
|t 0
|l Evans: Library Stacks
|